| 000 | 00361nam a2200097Ia 4500 | ||
|---|---|---|---|
| 008 | 160523s9999 xx 000 0 und d | ||
| 245 | _aApplied Bioremediation - Active and Passive Approaches | ||
| 245 | _cEdited by Yogesh B. Patil and Prakash Rao | ||
| 260 | _c2013 | ||
| 856 | _uhttp://www.intechopen.com/books/applied-bioremediation-active-and-passive-approaches | ||
| 999 |
_c294848 _d294848 |
||